Statistics for North American Sports Teams by Time Zone - Pacific

Click here to take the quiz!

General Stats

  • This quiz has been taken 36 times
  • The average score is 20 of 21

Answer Stats

MLBAnswer% Correct
NBASacramento Kings
100%
NHLLos Angeles Kings
100%
NHLSan Jose Sharks
97%
MLBSan Diego Padres
97%
MLBSeattle Mariners
97%
NFLLos Angeles Chargers
97%
NFLLos Angeles Rams
97%
NHLAnaheim Ducks
97%
NFLSan Francisco 49ers
97%
MLBLos Angeles Dodgers
97%
NBAGolden State Warriors
97%
NBALos Angeles Clippers
97%
NBALos Angeles Lakers
97%
MLBLos Angeles Angels
93%
NFLSeattle Seahawks
93%
NFLOakland Raiders
93%
MLBSan Francisco Giants
93%
NHLVancouver Canucks
93%
NBAPortland Trailblazers
90%
MLBOakland Athletics
90%
NHLLas Vegas Golden Knights
80%

Score Distribution

Percentile by Number Answered

Percent of People with Each Score

Your Score History

You have not taken this quiz